000 00353nam a2200145Ia 4500
008 230917s9999||||xx |||||||||||||| ||und||
040 _e143999
_aMAIN
041 _aEnglish
082 _a361.6 T627C
100 _aTopliss, Eda
245 0 _aCharter for the disabled
260 _aOxford
_bBasil Blackwell
_c1981
300 _avi, 179 p.
942 _cBK
999 _c221180
_d221180